|
|
|
|
| LEADER |
00000nab a2200000 a 4500 |
| 001 |
vtls011113183 |
| 003 |
SK-MaSNL |
| 005 |
20260303150639.0 |
| 008 |
230222|2006 xo |||||||||||||||||eng| |
| 015 |
|
|
|a SNBRB
|
| 035 |
|
|
|a (uuid)d815618e-cc80-415b-a624-ed4e161ad359
|
| 035 |
|
|
|a (urnnbn)urn:nbn:sk:snk:ar-a08hb5
|
| 035 |
|
|
|a urn:nbn:sk:snk-ab9jpu
|
| 040 |
|
|
|a SNKBUCL
|b slo
|c SNKBUCL
|e AACR2
|
| 041 |
0 |
|
|a eng
|
| 044 |
|
|
|a xo
|c SK
|
| 100 |
1 |
|
|a Gertler, Ľubomíra,
|d 1977-
|4 aut
|9 216216
|
| 245 |
1 |
0 |
|a On Estimating Business Loan Credit Risk
|c Ľubomíra Gertler
|
| 773 |
0 |
|
|t Verejná správa a regionálny rozvoj : vedecký časopis Vysokej školy ekonómie a manažmentu verejnej správy v Bratislave
|g Roč. 2, č. 2 (2006), s. 22-25
|
| 958 |
|
|
|a OND
|
| 958 |
|
|
|a EUIPO
|
| 958 |
|
|
|a article13
|
| 999 |
|
|
|c 2012305
|d 2014235
|